000 00912nam a2200265 a 4500
001 BRCA_7969
005 20190320210057.0
008 110314s1964----enka###f##---#001-0#eng-#
041 _aeng
044 _aenk
050 4 _aN6370
_b.L37
_c1964
245 1 0 _aLarousse encyclopedia of Renaissance and Baroque art
_cgeneral editor Rene Huyghe ; english text prepared by Emily Evershed... [et al.].
260 _aLondon
_bPaul Hamlyn
_c1964
300 _a444 p.
_bil. (algunas a color)
_c29 cm.
440 0 _aArt and mankind
_919754
500 _a3139
500 _aDiccionario inventariado como libro por el Banco de México
650 1 4 _aArte renacentista
_vEnciclopedias y diccionarios
_919755
650 1 4 _aArte barroco
_vEnciclopedias y diccionarios
_919756
650 1 4 _aArte
_vHistoria
_919757
700 1 _aHuyghe, Rene
_eed.
_99458
700 1 _aEvershed, Emily
_919758
902 _aGFM
942 _2lcc
_cB
999 _c7638
_d7638